Advanced financial accounting (Record no. 83701)
[ view plain ]
| 000 -LEADER | |
|---|---|
| fixed length control field | 02063nam a2200301 a 4500 |
| 008 - FIXED-LENGTH DATA ELEMENTS--GENERAL INFORMATION | |
| fixed length control field | 120416s1981 ||||||||||||||||| || u |
| 020 ## - INTERNATIONAL STANDARD BOOK NUMBER | |
| International Standard Book Number | 0070845719 |
| 050 ## - LIBRARY OF CONGRESS CALL NUMBER | |
| Classification number | HF 5635 Sam |
| 100 ## - MAIN ENTRY--PERSONAL NAME | |
| Personal name | Piper, Andrew |
| 245 10 - TITLE STATEMENT | |
| Title | Advanced financial accounting |
| 260 ## - PUBLICATION, DISTRIBUTION, ETC. | |
| Place of publication, distribution, etc. | London: |
| Name of publisher, distributor, etc. | McGraw-Hill |
| Date of publication, distribution, etc. | 1981 |
| 300 ## - PHYSICAL DESCRIPTION | |
| Extent | viii, 341p. : ill. |
| 350 ## - | |
| -- | 0.00 |
| 500 ## - GENERAL NOTE | |
| General note | Bibliography |
| 650 #0 - SUBJECT ADDED ENTRY--TOPICAL TERM | |
| Topical term or geographic name entry element | ACCOUNTING--HANDBOOKS, MANUALS, ETC |
| 700 ## - ADDED ENTRY--PERSONAL NAME | |
| Personal name | Samuels, John Malcolm |
| 700 ## - ADDED ENTRY--PERSONAL NAME | |
| Personal name | Rickwood, Colin |
| 995 ## - | |
| -- | ANNEX COLLECTION (Main Library) |
| -- | 0.00 |
| -- | 709082 |
| -- | CBU-MAIN LIBRARY (Kitwe) |
| -- | 1 |
| -- | 11.95 |
| -- | HF 5635 Sam |
| -- | AVAILABLE |
| -- | 006284 |
| -- | Annex Low-Usage Collection |
| 995 ## - | |
| -- | MAIN LIBRARY OPEN ACCESS |
| -- | 0.00 |
| -- | 024614 |
| -- | CBU-MAIN LIBRARY (Kitwe) |
| -- | 3 |
| -- | 11.95 |
| -- | HF 5635 Sam |
| -- | AVAILABLE |
| -- | 024614 |
| -- | Main Library Open Access Collection |
| 995 ## - | |
| -- | TEXTBOOKS (SB) |
| -- | 0.00 |
| -- | 7136 |
| -- | CBU-SCHOOL TEXTBOOK COLLECTIONS |
| -- | 1 |
| -- | 0.00 |
| -- | SCHOOL TEXTBOOK |
| -- | 10 |
| -- | AVAILABLE |
| -- | Sep 10, 2009 |
| -- | 7136 |
| -- | School Collections |
| 995 ## - | |
| -- | ANNEX COLLECTION (Main Library) |
| -- | 0.00 |
| -- | 708532 |
| -- | CBU-MAIN LIBRARY (Kitwe) |
| -- | 2 |
| -- | 11.95 |
| -- | HF 5635 Sam |
| -- | AVAILABLE |
| -- | 006285 |
| -- | Annex Low-Usage Collection |
| 995 ## - | |
| -- | TEXTBOOKS (SB) |
| -- | 0.00 |
| -- | 7133 |
| -- | CBU-SCHOOL TEXTBOOK COLLECTIONS |
| -- | 1 |
| -- | 0.00 |
| -- | SCHOOL TEXTBOOK |
| -- | 7 |
| -- | AVAILABLE |
| -- | Sep 10, 2009 |
| -- | 7133 |
| -- | School Collections |
| 995 ## - | |
| -- | TEXTBOOKS (SB) |
| -- | 0.00 |
| -- | 7134 |
| -- | CBU-SCHOOL TEXTBOOK COLLECTIONS |
| -- | 1 |
| -- | 0.00 |
| -- | SCHOOL TEXTBOOK |
| -- | 8 |
| -- | AVAILABLE |
| -- | Sep 10, 2009 |
| -- | 7134 |
| -- | School Collections |
| 995 ## - | |
| -- | MAIN LIBRARY OPEN ACCESS |
| -- | 0.00 |
| -- | 006286 |
| -- | CBU-MAIN LIBRARY (Kitwe) |
| -- | 4 |
| -- | 11.95 |
| -- | HF 5635 Sam |
| -- | LOST |
| -- | 006286 |
| -- | Main Library Open Access Collection |
| 995 ## - | |
| -- | TEXTBOOKS (SB) |
| -- | 0.00 |
| -- | 7132 |
| -- | CBU-SCHOOL TEXTBOOK COLLECTIONS |
| -- | 1 |
| -- | 0.00 |
| -- | SCHOOL TEXTBOOK |
| -- | 6 |
| -- | AVAILABLE |
| -- | Sep 10, 2009 |
| -- | 7132 |
| -- | School Collections |
| 995 ## - | |
| -- | MAIN LIBRARY OPEN ACCESS |
| -- | 0.00 |
| -- | 006283 |
| -- | CBU-MAIN LIBRARY (Kitwe) |
| -- | 5 |
| -- | 11.95 |
| -- | HF 5635 Sam |
| -- | AVAILABLE |
| -- | 006283 |
| -- | Main Library Open Access Collection |
| 995 ## - | |
| -- | TEXTBOOKS (SB) |
| -- | 0.00 |
| -- | 7135 |
| -- | CBU-SCHOOL TEXTBOOK COLLECTIONS |
| -- | 1 |
| -- | 0.00 |
| -- | SCHOOL TEXTBOOK |
| -- | 9 |
| -- | AVAILABLE |
| -- | Sep 10, 2009 |
| -- | 7135 |
| -- | School Collections |
| 999 ## - | |
| -- | 83701 |
| -- | 83701 |
| Withdrawn status | Lost status | Source of classification or shelving scheme | Damaged status | Not for loan | Permanent Location | Current Location | Shelving location | Date acquired | Total Checkouts | Full call number | Barcode | Date last seen | Copy number | Price effective from | Koha item type |
|---|---|---|---|---|---|---|---|---|---|---|---|---|---|---|---|
| CBU-MAIN LIBRARY, KITWE. | CBU-MAIN LIBRARY, KITWE. | 01/08/2024 | HF 5635 Sam | 006284 | 01/08/2024 | 1 | 01/08/2024 | MONOGRAPH | |||||||
| CBU-MAIN LIBRARY, KITWE. | CBU-MAIN LIBRARY, KITWE. | 01/08/2024 | HF 5635 Sam | 024614 | 01/08/2024 | 2 | 01/08/2024 | MONOGRAPH | |||||||
| CBU-MAIN LIBRARY, KITWE. | CBU-MAIN LIBRARY, KITWE. | 01/08/2024 | HF 5635 Sam | 006285 | 01/08/2024 | 4 | 01/08/2024 | MONOGRAPH | |||||||
| CBU-MAIN LIBRARY, KITWE. | CBU-MAIN LIBRARY, KITWE. | 01/08/2024 | HF 5635 Sam | 006286 | 01/08/2024 | 7 | 01/08/2024 | MONOGRAPH | |||||||
| CBU-MAIN LIBRARY, KITWE. | CBU-MAIN LIBRARY, KITWE. | 01/08/2024 | HF 5635 Sam | 006283 | 01/08/2024 | 9 | 01/08/2024 | MONOGRAPH | |||||||
| CBU-MAIN LIBRARY, KITWE. | CBU-MAIN LIBRARY, KITWE. | 01/08/2024 | HF 5635 Sam | 7135 | 01/08/2024 | 10 | 01/08/2024 | MONOGRAPH | |||||||
| CBU-SCHOOL TEXT BOOK COLLECTION | CBU-SCHOOL TEXT BOOK COLLECTION | 01/08/2024 | SCHOOL TEXTBOOK | 7136 | 01/08/2024 | 3 | 01/08/2024 | MONOGRAPH | |||||||
| CBU-SCHOOL TEXT BOOK COLLECTION | CBU-SCHOOL TEXT BOOK COLLECTION | 01/08/2024 | SCHOOL TEXTBOOK | 7133 | 01/08/2024 | 5 | 01/08/2024 | MONOGRAPH | |||||||
| CBU-SCHOOL TEXT BOOK COLLECTION | CBU-SCHOOL TEXT BOOK COLLECTION | 01/08/2024 | SCHOOL TEXTBOOK | 7134 | 01/08/2024 | 6 | 01/08/2024 | MONOGRAPH | |||||||
| CBU-SCHOOL TEXT BOOK COLLECTION | CBU-SCHOOL TEXT BOOK COLLECTION | 01/08/2024 | SCHOOL TEXTBOOK | 7132 | 01/08/2024 | 8 | 01/08/2024 | MONOGRAPH |